000 00381nam a22001097a 4500
008 160418b xxu||||| |||| 00| 0 eng d
100 _aBurianek, Josef
245 _aThe general revenue stamps of Czechoslovakia
260 _aPittsburgh
_bWilliam Ittel
_c1971
650 _aCzechoslovakia (1918-1992) | Revenues | Catalogs and Price Lists | Cinderella Material
700 _aIttel, William
999 _c1921
_d1921